Practical heat treating. Basic principles.
Saved in:
| Main Author: | |
|---|---|
| Format: | Unknown |
| Published: |
Materials Park, Ohio, USA:
ASM International,
2020.
|
| Subjects: | |
| Tags: |
Add Tag
No Tags, Be the first to tag this record!
|
MARC
| LEADER | 00000 a2200000 4500 | ||
|---|---|---|---|
| 003 | CL-VaPUC | ||
| 005 | 20241127100629.0 | ||
| 008 | 241111t2020 ||||| |||| 00| 0 eng d | ||
| 999 | |c 445310 |d 445308 | ||
| 020 | |a 978-1627083249 | ||
| 040 | |c Pontificia Universidad Católica de Valparaíso | ||
| 082 | 7 | |a 671.36 DOS 2020 |2 22 | |
| 100 | |a Dossett, Jon L. |9 892846 |e author | ||
| 245 | |a Practical heat treating. |b Basic principles. | ||
| 260 | |a Materials Park, Ohio, USA: |b ASM International, |c 2020. | ||
| 300 | |a ix, 404 páginas : |b ilustraciones. | ||
| 583 | |k GC |c 20241111 | ||
| 650 | |a Metales |x Tratamiento térmico |9 893490 | ||
| 942 | |2 ddc |c BK | ||
| 952 | |0 0 |1 0 |2 ddc |4 0 |6 671_360000000000000_DOS_2020 |7 0 |8 A |9 597867 |a BIBMEC |b BIBMEC |d 2024-11-08 |e 1 |g 251497.00 |i 5663126 |o 671.36 DOS 2020 |p 5663126 |r 2024-11-08 |t 1 |v 251497.00 |w 2024-11-08 |y BK |k MEC | ||